00473 2200181 4500001002100000005001500021008004100036020002200077035001900099041000700118082001000125090001600135100001300151245004900164260004300213300001900256650001600275INLIS00000000000682420241224113346241224||||||||| | ||| |||| || |  a978-979-074-121-8 0010-1224006824 aen0 a741.3 a741.3 LIL h0 aLilis Hu00aHari Pertama Di Sekolah: First Day at School aJakartabPT. Bhuana Ilmu Populerc2010 a28 hlm.; 20 cm 0aCerita Anak